000
00235nam a2200097Ia 4500
008
170619s9999 xx 000 0 und d
100
_a
Ullman Chris
245
0
_a
Beginning ASP.NET1.1 with VB.NET 2003
260
_b
USA : Wiley
260
_c
2005
546
_a
ENGLISH
999
_c
18057
_d
18057